[Event "Montcalm op 6 2011-12"]
[Site "Quebec CAN"]
[Date "2012.04.05"]
[Round "3"]
[White "Ripoll, Arthur"]
[Black "Le Huu, Pascal"]
[Result "1-0"]
[WhiteElo "1514"]
[BlackElo "1285"]
[PlyCount "97"]
[GameId "2160767909510022"]
[EventDate "2012.03.22"]
[EventType "swiss"]
[EventRounds "5"]
[EventCountry "CAN"]
[SourceTitle "EXT 2022"]
[Source "ChessBase"]
[SourceDate "2021.10.06"]
[SourceVersion "1"]
[SourceVersionDate "2021.10.06"]
[SourceQuality "1"]

1. e4 e5 2. Nf3 Nc6 3. Bc4 Bc5 4. b4 Bxb4 5. c3 Be7 6. d4 d6 7. Qb3 Be6 8. d5 Na5 9. Qa4+ c6 10. dxe6 Nxc4 11. exf7+ Kxf7 12. Qxc4+ Ke8 13. O-O h6 14. Ba3 Nf6 15. Re1 g5 16. Qb3 Qc7 17. Nbd2 Rd8 18. Rad1 Rf8 19. Qe6 Qd7 20. Qxd7+ Nxd7 21. Nc4 Rf6 22. Bxd6 g4 23. Bxe7 Kxe7 24. Nfxe5 Nxe5 25. Rxd8 Kxd8 26. Nxe5 h5 27. Rd1+ Kc8 28. Kf1 Re6 29. Nc4 Kc7 30. f3 gxf3 31. gxf3 h4 32. Kf2 b5 33. Ne3 a5 34. Nf5 h3 35. Rg1 Re5 36. Ke3 b4 37. cxb4 axb4 38. Kd4 Ra5 39. Ra1 Kb6 40. Kc4 Ra4 41. Kb3 Ra3+ 42. Kxb4 Rxf3 43. Rh1 Kc7 44. a4 Rf2 45. a5 Rb2+ 46. Ka3 Re2 47. Ng3 Re3+ 48. Kb4 Kb7 49. Rf1 1-0

[Event "Montcalm op 6 2011-12"]
[Site "Quebec CAN"]
[Date "2012.04.12"]
[Round "4"]
[White "Bluteau, Yvon"]
[Black "Bourassa, Andre"]
[Result "1-0"]
[WhiteElo "1773"]
[BlackElo "1752"]
[PlyCount "25"]
[GameId "2160767909510023"]
[EventDate "2012.03.22"]
[EventType "swiss"]
[EventRounds "5"]
[EventCountry "CAN"]
[SourceTitle "EXT 2022"]
[Source "ChessBase"]
[SourceDate "2021.10.06"]
[SourceVersion "1"]
[SourceVersionDate "2021.10.06"]
[SourceQuality "1"]

1. d4 c6 2. e4 e5 3. Nf3 Bd6 4. Bc4 Nf6 5. Nc3 Qc7 6. Bg5 Ng8 7. dxe5 Bxe5 8. Nxe5 Qxe5 9. Qd2 d5 10. O-O-O d4 11. f4 Qd6 12. e5 Qc5 13. Ne4 1-0

[Event "Montcalm op 6 2011-12"]
[Site "Quebec CAN"]
[Date "2012.04.12"]
[Round "4"]
[White "Boulianne, Gabriel"]
[Black "Dumont, Eric"]
[Result "1-0"]
[WhiteElo "1758"]
[BlackElo "1745"]
[PlyCount "25"]
[GameId "2160767909510024"]
[EventDate "2012.03.22"]
[EventType "swiss"]
[EventRounds "5"]
[EventCountry "CAN"]
[SourceTitle "EXT 2022"]
[Source "ChessBase"]
[SourceDate "2021.10.06"]
[SourceVersion "1"]
[SourceVersionDate "2021.10.06"]
[SourceQuality "1"]

1. d4 f5 2. Bg5 g6 3. Nc3 Bg7 4. e4 d6 5. Nf3 fxe4 6. Nxe4 Bf5 7. Ng3 Qd7 8. Bc4 d5 9. Nxf5 Qxf5 10. Bd3 Qe6+ 11. Be3 h6 12. Nh4 Bxd4 13. Bxg6+ 1-0

[Event "Montcalm op 6 2011-12"]
[Site "Quebec CAN"]
[Date "2012.04.12"]
[Round "4"]
[White "Caire, Francois"]
[Black "Doyon, Stephane"]
[Result "1-0"]
[WhiteElo "2243"]
[BlackElo "1820"]
[PlyCount "91"]
[GameId "2160767909510025"]
[EventDate "2012.03.22"]
[EventType "swiss"]
[EventRounds "5"]
[EventCountry "CAN"]
[SourceTitle "EXT 2022"]
[Source "ChessBase"]
[SourceDate "2021.10.06"]
[SourceVersion "1"]
[SourceVersionDate "2021.10.06"]
[SourceQuality "1"]

1. d4 Nf6 2. Nf3 g6 3. c4 Bg7 4. g3 d6 5. Bg2 O-O 6. Nc3 Nbd7 7. O-O e5 8. e4 exd4 9. Nxd4 a6 10. h3 Rb8 11. Be3 Re8 12. Rc1 c5 13. Nde2 Ne5 14. b3 Qc7 15. Nf4 Be6 16. Nxe6 fxe6 17. a4 Nc6 18. Qd2 b6 19. Rfd1 Nd4 20. Bxd4 cxd4 21. Qxd4 Rbd8 22. Qd2 Qc5 23. Kh2 Qh5 24. Qe2 Qc5 25. Na2 Rf8 26. b4 Qc7 27. e5 dxe5 28. Rxd8 Rxd8 29. c5 a5 30. Nc3 Nd5 31. Nb5 Qc6 32. bxa5 bxc5 33. Qc4 Bf8 34. Rd1 Kg7 35. Nc3 Qc7 36. a6 Nxc3 37. Rxd8 Qxd8 38. a7 Nd5 39. Bxd5 exd5 40. Qa6 Qa8 41. Qb6 Bd6 42. a5 Qf8 43. Qb7+ Kh6 44. Qxd5 Qxf2+ 45. Qg2 Qf8 46. a8=Q 1-0

[Event "Montcalm op 6 2011-12"]
[Site "Quebec CAN"]
[Date "2012.04.12"]
[Round "4"]
[White "Ripoll, Arthur"]
[Black "Hebert, Marc"]
[Result "1-0"]
[WhiteElo "1514"]
[BlackElo "1518"]
[PlyCount "83"]
[GameId "2160767909510026"]
[EventDate "2012.03.22"]
[EventType "swiss"]
[EventRounds "5"]
[EventCountry "CAN"]
[SourceTitle "EXT 2022"]
[Source "ChessBase"]
[SourceDate "2021.10.06"]
[SourceVersion "1"]
[SourceVersionDate "2021.10.06"]
[SourceQuality "1"]

1. e4 e6 2. d4 d5 3. Nd2 Be7 4. Bd3 dxe4 5. Nxe4 Nf6 6. Nf3 Nbd7 7. O-O Nxe4 8. Bxe4 Nf6 9. Bd3 Bd7 10. c3 Bc6 11. Ne5 Be4 12. Bxe4 Nxe4 13. Qg4 Nd6 14. Qxg7 Bf6 15. Qh6 Nf5 16. Qh5 Bxe5 17. dxe5 Qd5 18. Bf4 Rg8 19. Bg3 O-O-O 20. Rfd1 Nxg3 21. hxg3 Qe4 22. Rxd8+ Rxd8 23. Qxf7 Qxe5 24. Qxh7 Qe2 25. Rb1 Rf8 26. Rf1 Rd8 27. Qh3 Rf8 28. g4 Rg8 29. Qf3 Qc4 30. b3 Qxg4 31. Qxg4 Rxg4 32. Re1 Kd7 33. f3 Rg5 34. Kf2 Ke7 35. Re4 b6 36. f4 Rd5 37. g4 Rd2+ 38. Re2 Rd3 39. f5 Rxc3 40. Rxe6+ Kf7 41. Re4 a5 42. Rc4 1-0

[Event "Montcalm op 6 2011-12"]
[Site "Quebec CAN"]
[Date "2012.04.19"]
[Round "5"]
[White "Bourassa, Andre"]
[Black "Boulianne, Gabriel"]
[Result "1-0"]
[WhiteElo "1752"]
[BlackElo "1758"]
[PlyCount "65"]
[GameId "2160767909510027"]
[EventDate "2012.03.22"]
[EventType "swiss"]
[EventRounds "5"]
[EventCountry "CAN"]
[SourceTitle "EXT 2022"]
[Source "ChessBase"]
[SourceDate "2021.10.06"]
[SourceVersion "1"]
[SourceVersionDate "2021.10.06"]
[SourceQuality "1"]

1. d4 Nf6 2. c4 e6 3. Nc3 Bb4 4. Qc2 c5 5. e3 Nc6 6. Nf3 cxd4 7. Nxd4 Qb6 8. Nxc6 Qxc6 9. Bd2 O-O 10. f3 d5 11. cxd5 Nxd5 12. Rc1 Bxc3 13. bxc3 Qc5 14. Qd3 a5 15. e4 Ne7 16. Be3 Qa3 17. Rc2 Qa4 18. Bc5 Re8 19. Rd2 Qc6 20. Qb5 Qxb5 21. Bxb5 Nc6 22. Bb6 e5 23. Rd6 Be6 24. a3 Rec8 25. Kd2 a4 26. Rc1 Na5 27. Bxa5 Rxa5 28. c4 h6 29. Rb6 Rc7 30. Kc3 Bd7 31. Kb4 Bxb5 32. Kxa5 Bxc4 33. Kb4 1-0

[Event "Montcalm op 6 2011-12"]
[Site "Quebec CAN"]
[Date "2012.04.19"]
[Round "5"]
[White "Cummins, Paul"]
[Black "Caire, Francois"]
[Result "0-1"]
[WhiteElo "1779"]
[BlackElo "2243"]
[PlyCount "76"]
[GameId "2160767909510028"]
[EventDate "2012.03.22"]
[EventType "swiss"]
[EventRounds "5"]
[EventCountry "CAN"]
[SourceTitle "EXT 2022"]
[Source "ChessBase"]
[SourceDate "2021.10.06"]
[SourceVersion "1"]
[SourceVersionDate "2021.10.06"]
[SourceQuality "1"]

1. e4 c6 2. c4 d5 3. exd5 Nf6 4. d4 cxd5 5. Nc3 e6 6. Nf3 Be7 7. Be3 O-O 8. h3 b6 9. Bd3 dxc4 10. Bxc4 Bb7 11. O-O Nc6 12. a3 Rc8 13. Bd3 Rc7 14. Qe2 Qa8 15. Ba6 Rd8 16. Bxb7 Qxb7 17. Rfd1 Nd5 18. Nxd5 Rxd5 19. Rac1 Bf6 20. Rc3 Rc8 21. Rdc1 Rdd8 22. Rd1 h6 23. Rcd3 Rd5 24. Nh2 Rcd8 25. Ng4 Bxd4 26. Bxh6 gxh6 27. Rg3 Kf8 28. Rf3 Bg7 29. Rxd5 Rxd5 30. Qe3 Rd1+ 31. Kh2 h5 32. Nh6 Qc7+ 33. g3 Ne5 34. Nxf7 Nxf7 35. Qxe6 Qd7 36. Qc4 Kg8 37. Qe4 Ng5 38. Qc4+ Kh8 0-1

[Event "Montcalm op 6 2011-12"]
[Site "Quebec CAN"]
[Date "2012.04.19"]
[Round "5"]
[White "Leblanc-Legault, Mathieu"]
[Black "Ripoll, Arthur"]
[Result "1/2-1/2"]
[WhiteElo "1510"]
[BlackElo "1514"]
[PlyCount "105"]
[GameId "2160767909510029"]
[EventDate "2012.03.22"]
[EventType "swiss"]
[EventRounds "5"]
[EventCountry "CAN"]
[SourceTitle "EXT 2022"]
[Source "ChessBase"]
[SourceDate "2021.10.06"]
[SourceVersion "1"]
[SourceVersionDate "2021.10.06"]
[SourceQuality "1"]

1. d4 d5 2. Nf3 Nf6 3. c4 c6 4. Nc3 e6 5. Bg5 Nbd7 6. e3 Bd6 7. Bd3 O-O 8. cxd5 exd5 9. O-O Re8 10. Qc2 h6 11. Bxf6 Nxf6 12. Bf5 Qc7 13. h3 Qe7 14. Rfd1 Ne4 15. Bxc8 Raxc8 16. Nxe4 dxe4 17. Nd2 f5 18. a3 f4 19. Nc4 Bb8 20. exf4 Bxf4 21. g3 Bb8 22. b4 Qf7 23. Re1 Qd7 24. Rxe4 Qxh3 25. Ne5 Rcd8 26. Qc4+ Qe6 27. Qxe6+ Rxe6 28. f4 Red6 29. Rd1 Rd5 30. Rd3 a5 31. bxa5 Rxa5 32. Rb3 Ba7 33. Rxb7 Rxd4 34. Rxd4 Bxd4+ 35. Kg2 Bxe5 36. fxe5 Rxa3 37. Kf2 Ra5 38. e6 Re5 39. Rb8+ Kh7 40. Re8 Kg6 41. e7 Kf7 42. Rc8 Rxe7 43. Rxc6 Re6 44. Rc5 Kf6 45. Kf3 g5 46. Kg4 Kg6 47. Kh3 h5 48. Rc3 Kf5 49. Rf3+ Kg6 50. Rf8 g4+ 51. Kh4 Re1 52. Rg8+ Kh7 53. Rf8 1/2-1/2

[Event "Montcalm op 7 2011-12"]
[Site "Quebec CAN"]
[Date "2012.04.26"]
[Round "1"]
[White "Bourassa, Andre"]
[Black "Cummins, Paul"]
[Result "1-0"]
[WhiteElo "1768"]
[BlackElo "1760"]
[PlyCount "75"]
[GameId "2160767909509598"]
[EventDate "2012.04.26"]
[EventType "swiss"]
[EventRounds "5"]
[EventCountry "CAN"]
[SourceTitle "EXT 2022"]
[Source "ChessBase"]
[SourceDate "2021.10.06"]
[SourceVersion "1"]
[SourceVersionDate "2021.10.06"]
[SourceQuality "1"]

1. d4 d5 2. c4 e6 3. Nc3 Nf6 4. Nf3 c6 5. e3 Nbd7 6. Bd3 dxc4 7. Bxc4 b5 8. Bd3 Bd6 9. Ne4 Nxe4 10. Bxe4 Bb7 11. O-O Nf6 12. Bd3 O-O 13. e4 Be7 14. e5 Ne8 15. Qc2 g6 16. Bh6 Ng7 17. Be4 Rc8 18. Qd2 Re8 19. Rfd1 Nf5 20. Bg5 Qc7 21. Rac1 Bf8 22. Qf4 c5 23. Bxb7 Qxb7 24. dxc5 Rxc5 25. Rxc5 Bxc5 26. Bf6 Qb6 27. Ng5 Bf8 28. g4 Nh6 29. Ne4 Rc8 30. Bg5 Rc4 31. Bxh6 Bxh6 32. Nf6+ Kg7 33. Qf3 Qc6 34. Nh5+ Kg8 35. Nf6+ Kf8 36. Qxc6 Rxc6 37. Rd8+ Ke7 38. Re8# 1-0

[Event "Montcalm op 7 2011-12"]
[Site "Quebec CAN"]
[Date "2012.04.26"]
[Round "1"]
[White "Gagnon, Stephane"]
[Black "Boulianne, Gabriel"]
[Result "0-1"]
[WhiteElo "1351"]
[BlackElo "1789"]
[PlyCount "74"]
[GameId "2160767909509599"]
[EventDate "2012.04.26"]
[EventType "swiss"]
[EventRounds "5"]
[EventCountry "CAN"]
[SourceTitle "EXT 2022"]
[Source "ChessBase"]
[SourceDate "2021.10.06"]
[SourceVersion "1"]
[SourceVersionDate "2021.10.06"]
[SourceQuality "1"]

1. e4 e5 2. Nf3 Nc6 3. Bb5 Nd4 4. Nxd4 exd4 5. c3 Bc5 6. O-O Ne7 7. d3 a6 8. Ba4 O-O 9. Bg5 f6 10. Bb3+ Kh8 11. Bh4 b5 12. Kh1 Bb7 13. f4 d5 14. Bc2 Ng6 15. Bg3 Re8 16. Nd2 dxe4 17. Nxe4 Bb6 18. h4 f5 19. Ng5 Qf6 20. Nxh7 Qc6 21. Rg1 Nxh4 22. Qh5 Qh6 23. Qxh6 gxh6 24. Bxh4 Kxh7 25. Rae1 dxc3 26. Rgf1 cxb2 27. Bf6 Kg6 28. Bxb2 Bc6 29. d4 Rxe1 30. Rxe1 Re8 31. Re5 Rxe5 32. dxe5 Bd5 33. Bb1 Be3 34. Kh2 Bxf4+ 35. Kh3 Bc4 36. g4 Kg5 37. Kg2 Kxg4 0-1

[Event "Montcalm op 7 2011-12"]
[Site "Quebec CAN"]
[Date "2012.04.26"]
[Round "1"]
[White "Ripoll, Arthur"]
[Black "Cournoyer, Dominic"]
[Result "1-0"]
[WhiteElo "1522"]
[BlackElo "1968"]
[PlyCount "61"]
[GameId "2160767909509600"]
[EventDate "2012.04.26"]
[EventType "swiss"]
[EventRounds "5"]
[EventCountry "CAN"]
[SourceTitle "EXT 2022"]
[Source "ChessBase"]
[SourceDate "2021.10.06"]
[SourceVersion "1"]
[SourceVersionDate "2021.10.06"]
[SourceQuality "1"]

1. e4 d5 2. exd5 Nf6 3. Bc4 Nxd5 4. d4 g6 5. Nf3 Bg7 6. O-O O-O 7. Re1 Nc6 8. Bb3 Nb6 9. c3 Bf5 10. Bg5 Re8 11. Nh4 Bxb1 12. Rxb1 Na5 13. Bc2 h6 14. Bf4 e5 15. Bg3 exd4 16. Rxe8+ Qxe8 17. Bxc7 dxc3 18. bxc3 Nac4 19. Bb3 Qe4 20. Nf3 Nd5 21. Qf1 Ndb6 22. Re1 Qc6 23. Bf4 g5 24. Be5 Nxe5 25. Nxe5 Bxe5 26. Rxe5 Re8 27. Qe1 Rxe5 28. Qxe5 Nd7 29. Qe8+ Kh7 30. Qxf7+ Kh8 31. Qg8# 1-0

[Event "Montcalm op 7 2011-12"]
[Site "Quebec CAN"]
[Date "2012.05.03"]
[Round "2"]
[White "Bluteau, Yvon"]
[Black "Bourassa, Andre"]
[Result "1-0"]
[WhiteElo "1768"]
[BlackElo "1768"]
[PlyCount "110"]
[GameId "2160767909509601"]
[EventDate "2012.04.26"]
[EventType "swiss"]
[EventRounds "5"]
[EventCountry "CAN"]
[SourceTitle "EXT 2022"]
[Source "ChessBase"]
[SourceDate "2021.10.06"]
[SourceVersion "1"]
[SourceVersionDate "2021.10.06"]
[SourceQuality "1"]

1. Nf3 d5 2. c4 e6 3. d4 c6 4. Nbd2 Nf6 5. Qc2 Bd6 6. e3 Nbd7 7. Bd3 dxc4 8. Nxc4 Bb4+ 9. Bd2 Bxd2+ 10. Nfxd2 c5 11. Nd6+ Ke7 12. dxc5 Nxc5 13. Nf5+ exf5 14. Qxc5+ Qd6 15. Qxd6+ Kxd6 16. Nc4+ Ke7 17. O-O-O Be6 18. Kb1 Rac8 19. Ne5 Rhd8 20. Nf3 h6 21. Nd4 Ng4 22. Rd2 g6 23. h3 Ne5 24. Be2 Nc6 25. Nxc6+ Rxc6 26. Rxd8 Kxd8 27. Bf3 Rc7 28. Rd1+ Ke7 29. Rd4 b6 30. b3 Rd7 31. Rxd7+ Kxd7 32. Kc2 Kd6 33. a3 Bd5 34. Bxd5 Kxd5 35. Kd3 f6 36. f3 b5 37. Kc3 g5 38. Kb4 Kc6 39. Ka5 h5 40. Ka6 Kc5 41. Kxa7 b4 42. a4 h4 43. Kb7 f4 44. exf4 gxf4 45. a5 Kd4 46. a6 Ke3 47. a7 Kf2 48. a8=Q Kxg2 49. Qg8+ Kxf3 50. Qg4+ Ke3 51. Qxh4 f3 52. Qe1+ Kf4 53. Qf2 f5 54. Kb6 Ke4 55. Kc5 Kf4 1-0

[Event "Montcalm op 7 2011-12"]
[Site "Quebec CAN"]
[Date "2012.05.03"]
[Round "2"]
[White "Boulianne, Gabriel"]
[Black "Boutin, Jean-Roger"]
[Result "1/2-1/2"]
[WhiteElo "1789"]
[BlackElo "1616"]
[PlyCount "98"]
[GameId "2160767909509602"]
[EventDate "2012.04.26"]
[EventType "swiss"]
[EventRounds "5"]
[EventCountry "CAN"]
[SourceTitle "EXT 2022"]
[Source "ChessBase"]
[SourceDate "2021.10.06"]
[SourceVersion "1"]
[SourceVersionDate "2021.10.06"]
[SourceQuality "1"]

1. d4 d5 2. c4 e6 3. Nc3 Nf6 4. Nf3 h6 5. e3 Be7 6. Bd3 O-O 7. O-O c5 8. cxd5 cxd4 9. exd4 Nxd5 10. Be3 Nc6 11. Rc1 Bf6 12. Qd2 Nxe3 13. fxe3 a6 14. Ne4 Be7 15. a3 f5 16. Nc3 Qd6 17. Rcd1 Bf6 18. Kh1 Rd8 19. Qc2 g6 20. Ne2 Bd7 21. Nf4 Be8 22. Bc4 Bf7 23. Qf2 e5 24. Bxf7+ Kxf7 25. Ne2 exd4 26. Nfxd4 Nxd4 27. Nxd4 Qe5 28. Qf3 Rab8 29. Rd2 Bg5 30. Re2 Re8 31. g4 Qe4 32. gxf5 Qxf3+ 33. Nxf3 Bxe3 34. fxg6+ Kxg6 35. Nh4+ Kg5 36. Rfe1 Kxh4 37. Rxe3 Rxe3 38. Rxe3 Rc8 39. Re2 Kh3 40. Re3+ Kg4 41. Rg3+ Kh4 42. b4 Rc6 43. Kg2 b5 44. Kf3 h5 45. Kg2 Rc2+ 46. Kg1 Rc1+ 47. Kf2 Rc2+ 48. Kg1 Rc1+ 49. Kg2 Rc2+ 1/2-1/2

[Event "Montcalm op 7 2011-12"]
[Site "Quebec CAN"]
[Date "2012.05.03"]
[Round "2"]
[White "Garcia, Carlos3"]
[Black "Ripoll, Arthur"]
[Result "1-0"]
[WhiteElo "1645"]
[BlackElo "1522"]
[PlyCount "43"]
[GameId "2160767909509603"]
[EventDate "2012.04.26"]
[EventType "swiss"]
[EventRounds "5"]
[EventCountry "CAN"]
[SourceTitle "EXT 2022"]
[Source "ChessBase"]
[SourceDate "2021.10.06"]
[SourceVersion "1"]
[SourceVersionDate "2021.10.06"]
[SourceQuality "1"]

1. e4 e5 2. Nf3 Nc6 3. Bb5 Nd4 4. Nxd4 exd4 5. Bc4 Bc5 6. Bxf7+ Kxf7 7. Qh5+ Kf8 8. Qxc5+ Qe7 9. Qxd4 Nf6 10. Nc3 d6 11. O-O Kf7 12. d3 Bd7 13. Bg5 c5 14. Qe3 h6 15. Bh4 g5 16. Bg3 h5 17. Nd5 Nxd5 18. exd5 h4 19. Qxe7+ Kxe7 20. Rae1+ Kf6 21. Bxd6 b6 22. Be5+ 1-0

[Event "Montcalm op 7 2011-12"]
[Site "Quebec CAN"]
[Date "2012.05.10"]
[Round "3"]
[White "Boulianne, Gabriel"]
[Black "Dumont, Eric"]
[Result "1/2-1/2"]
[WhiteElo "1789"]
[BlackElo "1715"]
[PlyCount "72"]
[GameId "2160767909509604"]
[EventDate "2012.04.26"]
[EventType "swiss"]
[EventRounds "5"]
[EventCountry "CAN"]
[SourceTitle "EXT 2022"]
[Source "ChessBase"]
[SourceDate "2021.10.06"]
[SourceVersion "1"]
[SourceVersionDate "2021.10.06"]
[SourceQuality "1"]

1. d4 Nf6 2. c4 g6 3. Nc3 Bg7 4. e4 O-O 5. e5 Ne8 6. f4 d6 7. Nf3 dxe5 8. fxe5 Nc6 9. h3 e6 10. Bf4 f6 11. exf6 Bxf6 12. Be3 Nd6 13. Qd2 Nf5 14. Ne2 Nxe3 15. Qxe3 e5 16. d5 Nb4 17. Qb3 c5 18. a3 e4 19. Nh2 Nd3+ 20. Kd2 Bg5+ 21. Kc2 Rf2 22. Kb1 Bf6 23. Ra2 Qa5 24. Nc3 Nxb2 25. Rxb2 Rxb2+ 26. Kxb2 Bd7 27. Kc2 h5 28. g4 Rf8 29. gxh5 Bd4 30. Ng4 gxh5 31. Nb5 Rf3 32. Qb1 Bxb5 33. Qxb5 Qc3+ 34. Kd1 Qa1+ 35. Ke2 Qa2+ 36. Kd1 Qa1+ 1/2-1/2

[Event "Montcalm op 7 2011-12"]
[Site "Quebec CAN"]
[Date "2012.05.10"]
[Round "3"]
[White "Bourassa, Andre"]
[Black "Auger, Bertrand"]
[Result "1/2-1/2"]
[WhiteElo "1768"]
[BlackElo "1943"]
[PlyCount "137"]
[GameId "2160767909509605"]
[EventDate "2012.04.26"]
[EventType "swiss"]
[EventRounds "5"]
[EventCountry "CAN"]
[SourceTitle "EXT 2022"]
[Source "ChessBase"]
[SourceDate "2021.10.06"]
[SourceVersion "1"]
[SourceVersionDate "2021.10.06"]
[SourceQuality "1"]

1. d4 d5 2. c4 e6 3. Nc3 Nf6 4. Nf3 Be7 5. e3 O-O 6. Bd3 a6 7. a4 Nbd7 8. O-O c5 9. cxd5 exd5 10. dxc5 Nxc5 11. Be2 Nce4 12. Nxe4 dxe4 13. Qxd8 Rxd8 14. Nd4 Bg4 15. Bxg4 Nxg4 16. Bd2 Bd6 17. h3 Ne5 18. Rfd1 Nd3 19. Bc3 Be5 20. f3 Bxd4 21. Bxd4 f5 22. Kf1 Rac8 23. Ke2 Rc2+ 24. Rd2 Nf4+ 25. exf4 exf3+ 26. gxf3 Rxd2+ 27. Kxd2 Rxd4+ 28. Ke3 Rb4 29. Ra2 Kf7 30. a5 Ke6 31. h4 Rb3+ 32. Kf2 Kd5 33. Ke2 Rb4 34. Ke3 Kc4 35. Ra1 Rb3+ 36. Kf2 Rxb2+ 37. Kg3 Kb5 38. Re1 Kxa5 39. Re7 Rb6 40. h5 Rb1 41. Re5+ Kb6 42. Rxf5 a5 43. Re5 a4 44. Re2 Kc6 45. f5 Rh1 46. Rc2+ Kd6 47. Rb2 a3 48. Ra2 Rxh5 49. Kg4 Rh1 50. Rxa3 Rb1 51. Re3 Rb5 52. Re8 Re5 53. Rh8 h6 54. f4 Re7 55. f6 gxf6 56. Kf5 b5 57. Rxh6 Rf7 58. Rh1 b4 59. Rb1 Rb7 60. Kxf6 b3 61. Rb2 Kd5 62. f5 Kc4 63. Ke6 Kc3 64. Rf2 b2 65. Rxb2 Rxb2 66. f6 Re2+ 67. Kd7 Kd4 68. f7 Rf2 69. Ke7 1/2-1/2

[Event "Montcalm op 7 2011-12"]
[Site "Quebec CAN"]
[Date "2012.05.17"]
[Round "4"]
[White "Bender, Karl"]
[Black "Boulianne, Gabriel"]
[Result "1/2-1/2"]
[WhiteElo "1492"]
[BlackElo "1789"]
[PlyCount "136"]
[GameId "2160767909509606"]
[EventDate "2012.04.26"]
[EventType "swiss"]
[EventRounds "5"]
[EventCountry "CAN"]
[SourceTitle "EXT 2022"]
[Source "ChessBase"]
[SourceDate "2021.10.06"]
[SourceVersion "1"]
[SourceVersionDate "2021.10.06"]
[SourceQuality "1"]

1. d4 Nf6 2. Nf3 g6 3. g3 c5 4. Bg2 cxd4 5. Nxd4 e5 6. Nb3 Nc6 7. O-O h5 8. Bg5 h4 9. Nc3 hxg3 10. hxg3 Be7 11. Bxf6 Bxf6 12. Ne4 Be7 13. Nd6+ Bxd6 14. Qxd6 Qe7 15. Qxe7+ Kxe7 16. c3 d6 17. f3 f5 18. Kf2 g5 19. Rh1 Be6 20. Nd2 d5 21. Rxh8 Rxh8 22. b3 f4 23. Rh1 Rxh1 24. Bxh1 Bf5 25. gxf4 gxf4 26. e3 fxe3+ 27. Kxe3 Kd6 28. Bg2 a5 29. Bf1 Kc5 30. Be2 d4+ 31. cxd4+ exd4+ 32. Kf4 Bc2 33. Ne4+ Kb4 34. Bc4 Ka3 35. Nd6 Nb4 36. Nb5+ Kxa2 37. Nxd4 Nd3+ 38. Bxd3 Bxd3 39. Ke3 Bh7 40. Kd2 Kb2 41. f4 Bg8 42. f5 Ka3 43. Kc3 Bd5 44. f6 b6 45. Nc2+ Ka2 46. Nd4 Bf7 47. Kc2 Bd5 48. Kc3 Kb1 49. Nb5 Ka2 50. Nd4 Bg8 51. Kc2 Bf7 52. Kc3 Bg6 53. Nf5 b5 54. Nd6 b4+ 55. Kc4 a4 56. Kxb4 axb3 57. Nb5 Bf7 58. Nc3+ Kb2 59. Na4+ Kc2 60. Ka3 Be8 61. Nb2 Bg6 62. Na4 Bf7 63. Nb2 Be8 64. Nc4 Kc3 65. Nb2 Bf7 66. Na4+ Kd4 67. Kb2 Be8 68. Kxb3 Ke5 1/2-1/2

[Event "Montcalm op 7 2011-12"]
[Site "Quebec CAN"]
[Date "2012.05.17"]
[Round "4"]
[White "Bergeron, Marc"]
[Black "Bourassa, Andre"]
[Result "1-0"]
[WhiteElo "2084"]
[BlackElo "1768"]
[PlyCount "113"]
[GameId "2160767909509607"]
[EventDate "2012.04.26"]
[EventType "swiss"]
[EventRounds "5"]
[EventCountry "CAN"]
[SourceTitle "EXT 2022"]
[Source "ChessBase"]
[SourceDate "2021.10.06"]
[SourceVersion "1"]
[SourceVersionDate "2021.10.06"]
[SourceQuality "1"]

1. c4 e6 2. Nf3 d5 3. b3 Nf6 4. Bb2 c5 5. e3 Nc6 6. g3 d4 7. exd4 cxd4 8. a3 a5 9. d3 e5 10. Bg2 Bd6 11. O-O O-O 12. Nbd2 Bf5 13. Qc2 Bc5 14. Rfe1 Re8 15. Ng5 Qc7 16. h3 h6 17. Nge4 Nxe4 18. Nxe4 Be7 19. Re2 Ra6 20. Rae1 Nb8 21. g4 Bh7 22. Bc1 f5 23. gxf5 Bxf5 24. Ng3 Rf6 25. Rxe5 Bg6 26. Qe2 Kf8 27. Nh5 Bxh5 28. Qxh5 Nd7 29. Rf5 b6 30. Bxh6 Rxf5 31. Qxf5+ Nf6 32. Bf4 Qc5 33. Qxc5 Bxc5 34. Rxe8+ Kxe8 35. Bc1 Ke7 36. Kf1 Ke6 37. Bf3 Kf5 38. Ke2 g5 39. Kd1 Bd6 40. Kc2 Bf4 41. Bxf4 Kxf4 42. Bc6 Ke5 43. b4 Kd6 44. Bf3 Nd7 45. Kb3 axb4 46. axb4 Nf8 47. Ka4 Ne6 48. Kb5 Kc7 49. Bg4 Nf4 50. Bf5 Ne2 51. c5 Nc3+ 52. Kc4 b5+ 53. Kxd4 Na2 54. Ke5 Nxb4 55. Be4 Na6 56. d4 b4 57. Kd5 1-0

[Event "Montcalm op 7 2011-12"]
[Site "Quebec CAN"]
[Date "2012.05.17"]
[Round "4"]
[White "Ripoll, Arthur"]
[Black "Sarra-Bournet, Marc"]
[Result "0-1"]
[WhiteElo "1522"]
[BlackElo "1835"]
[PlyCount "106"]
[GameId "2160767909509608"]
[EventDate "2012.04.26"]
[EventType "swiss"]
[EventRounds "5"]
[EventCountry "CAN"]
[SourceTitle "EXT 2022"]
[Source "ChessBase"]
[SourceDate "2021.10.06"]
[SourceVersion "1"]
[SourceVersionDate "2021.10.06"]
[SourceQuality "1"]

1. e4 e5 2. Nf3 Nc6 3. Bc4 Bc5 4. b4 Bxb4 5. c3 Ba5 6. d4 exd4 7. O-O h6 8. Qb3 Qf6 9. e5 Qg6 10. cxd4 Bb6 11. Ba3 Nge7 12. d5 Nd4 13. Nxd4 Bxd4 14. Bd3 Qb6 15. Qc4 Bxa1 16. d6 Nc6 17. dxc7 Qxc7 18. Bd6 Qa5 19. f4 Bd4+ 20. Kh1 Bb6 21. Bc2 Qa6 22. Nd2 Qxc4 23. Nxc4 Bd8 24. Ba3 Be7 25. Bxe7 Kxe7 26. Nd6 b6 27. Bd3 Na5 28. Be4 Ba6 29. Rd1 Rab8 30. Nf5+ Kd8 31. Nxg7 Rc8 32. Bf5 Rc7 33. e6 Bc4 34. exd7 Bxa2 35. Re1 Rxd7 36. Bxd7 Kxd7 37. Nf5 Be6 38. Rd1+ Kc7 39. Rc1+ Kb8 40. Nd6 Rd8 41. Nb5 Nb3 42. Re1 a6 43. Nc3 Rd3 44. Ne4 Bd5 45. Nf6 Bc6 46. h3 Rxh3+ 47. Kg1 Rg3 48. Re2 Nd4 49. Rf2 Nf3+ 50. Kf1 Nh4 51. Rc2 Bxg2+ 52. Kf2 Rf3+ 53. Ke2 Rxf4 0-1

[Event "Montcalm op 7 2011-12"]
[Site "Quebec CAN"]
[Date "2012.05.24"]
[Round "5"]
[White "Arcand, Christian"]
[Black "Ripoll, Arthur"]
[Result "0-1"]
[WhiteElo "1208"]
[BlackElo "1522"]
[PlyCount "126"]
[GameId "2160767909509609"]
[EventDate "2012.04.26"]
[EventType "swiss"]
[EventRounds "5"]
[EventCountry "CAN"]
[SourceTitle "EXT 2022"]
[Source "ChessBase"]
[SourceDate "2021.10.06"]
[SourceVersion "1"]
[SourceVersionDate "2021.10.06"]
[SourceQuality "1"]

1. d4 e5 2. c4 exd4 3. Nf3 c5 4. e4 dxe3 5. Bxe3 Nf6 6. Bd3 Be7 7. O-O O-O 8. Nc3 Nc6 9. Nd5 Nxd5 10. cxd5 Nb4 11. Bb1 d6 12. a3 Na6 13. Qd3 g6 14. Re1 Bf6 15. Qd2 Bg4 16. Ng5 Re8 17. Ne4 Bg7 18. Bf4 Be5 19. Bd3 Bf5 20. Bb5 Re7 21. Bxe5 Rxe5 22. f3 Nc7 23. Bd3 Rxd5 24. g4 Bxe4 25. Rxe4 Qf6 26. Rae1 Qxf3 27. R1e3 Qf6 28. Qf2 Qxf2+ 29. Kxf2 Ne6 30. Bc4 Rd2+ 31. Re2 Rxe2+ 32. Rxe2 Re8 33. Bb5 Re7 34. Rd2 Nd4 35. Bc4 b5 36. Bd5 Re5 37. Bg2 Kg7 38. Rd3 h5 39. h3 h4 40. Re3 Kf6 41. Rxe5 Kxe5 42. Ke3 f5 43. gxf5 Nxf5+ 44. Kd3 d5 45. Bf1 c4+ 46. Kd2 a5 47. Be2 b4 48. a4 Kd4 49. Bf3 c3+ 50. bxc3+ bxc3+ 51. Kc1 Ne3 52. Be2 Ke4 53. Kb1 d4 54. Kc1 d3 55. Bd1 Nxd1 56. Kb1 Nf2 57. Kc1 Nxh3 58. Kd1 Ke3 59. Kc1 d2+ 60. Kc2 Nf2 61. Kb3 Kd3 62. Ka2 c2 63. Ka1 d1=Q+ 0-1